000 00713nam a2200205Ia 4500
003 GCL
008 140319s9999 xx 000 0 ara d
040 _aGCL /
_cGCL
082 0 4 _a801.953
_bك ا
100 1 _aكوثر عبدالسلام البحيرى
245 1 0 _aاثر الادب الفرنسى على القصة العربية /
_cكوثر عبدالسلام البحيرى
260 _a[S.N] :
_bالهيئة المصرية العامة للكتاب ،
_c1985
300 _a294 ص
490 _aدراسات ادبية
_v0
650 0 4 _aالقصص القصيرة
650 0 4 _aالادب الفرنسى
650 0 4 _aالادب المقارن
650 0 4 _aتاريخ ونقد
942 _2ddc
_cBK
999 _c28425
_d28425